000 00622nam a2200229Ia 4500
005 20250108124838.0
008 008 250107s9999 xx 000 0 eng d
020 _a978-93-86453-84-6
037 _aTB
040 _aCRL
_beng
_cCRL
041 _aeng
_2eng
084 _aO152,1NCHx R1
084 _qCRL
100 _aShiknaliyer Ashray Au.
_9729970
245 0 _aChronicle of victory
_cShiknaliyer Ashray Au.
260 _aNew Delhi, India
_bIRS Publishing House
_c2414
300 _a189p.
365 _aINR
_b165
650 _aHISTORY
942 _cTB
_hO152,1NCHx R1
999 _c1234802
_d1234802